|
|
|
|
| LEADER |
00000naa2a2200000 4500 |
| 001 |
622839 |
| 005 |
20231101133231.0 |
| 035 |
|
|
|a (RuTPU)RU\TPU\conf\21655
|
| 035 |
|
|
|a RU\TPU\conf\21654
|
| 090 |
|
|
|a 622839
|
| 100 |
|
|
|a 20170712d2017 k y0rusy50 ca
|
| 101 |
0 |
|
|a rus
|
| 102 |
|
|
|a RU
|
| 105 |
|
|
|a y z 101zy
|
| 135 |
|
|
|a drgn ---uucaa
|
| 181 |
|
0 |
|a i
|
| 182 |
|
0 |
|a b
|
| 200 |
1 |
|
|a Исследование антирадикальной активности высокомолекулярных соединений гуминовой природы спектрофотометрическим методом
|f К. А. Братишко [и др.]
|g науч. рук. М. В. Зыкова
|
| 203 |
|
|
|a Текст
|c электронный
|
| 225 |
1 |
|
|a Химия и химическая технология органических веществ и материалов
|
| 230 |
|
|
|a 1 компьютерный файл (pdf; 578 Kb)
|
| 300 |
|
|
|a Заглавие с экрана
|
| 320 |
|
|
|a [Библиогр.: с. 129 (1 назв.)]
|
| 463 |
|
0 |
|0 (RuTPU)RU\TPU\conf\21448
|t Химия и химическая технология в XXI веке
|o материалы XVIII Международной научно-практической конференции студентов и молодых ученых имени профессора Л.П. Кулёва, 29 мая-1 июня 2017 г., г. Томск
|f Национальный исследовательский Томский политехнический университет (ТПУ) ; Институт природных ресурсов (ИПР) ; Институт физики высоких технологий (ИФВТ) ; Физико-технический институт (ФТИ)
|v [С. 128-129]
|d 2017
|
| 610 |
1 |
|
|a труды учёных ТПУ
|
| 610 |
1 |
|
|a электронный ресурс
|
| 610 |
1 |
|
|a термодинамика
|
| 610 |
1 |
|
|a спектрофотометрические методы
|
| 610 |
1 |
|
|a стабильные радикалы
|
| 610 |
1 |
|
|a торф
|
| 610 |
1 |
|
|a оптическая плотность
|
| 701 |
|
1 |
|a Братишко
|b К. А.
|
| 701 |
|
1 |
|a Бочарова
|b К. А.
|
| 701 |
|
1 |
|a Слезко
|b И. П.
|
| 701 |
|
1 |
|a Калашникова
|b Е. В.
|
| 701 |
|
1 |
|a Власов
|b С. С.
|
| 702 |
|
1 |
|a Зыкова
|b М. В.
|4 727
|
| 712 |
0 |
2 |
|a Национальный исследовательский Томский политехнический университет (ТПУ)
|c (2009- )
|2 stltpush
|3 (RuTPU)RU\TPU\col\15902
|
| 801 |
|
2 |
|a RU
|b 63413507
|c 20170726
|g RCR
|
| 856 |
4 |
|
|u http://earchive.tpu.ru/handle/11683/41735
|
| 942 |
|
|
|c BK
|